Liberalizácia pohybu kapitálu v Slovenskej republike

Základné prístupy a úlohy OECD regulujúce pohyb kapitálu a finančných služieb. Úloha Banky pre medzinárodné zúčtovanie v liberalizačnom procese. Medzinárodný menový fond pri liberalizácii pohybov kapitálu. Úlohy WTO v procese liberalizácie kapitálu. Záväzky SR voči WTO v oblasti liberalizácie finanč...

Descrizione completa

Salvato in:
Dettagli Bibliografici
Autore principale: Jankovská, Anežka
Altri autori: Chovancová, Božena
Natura: Capitolo di libro
Lingua:slovacco
Soggetti:
Tags: Aggiungi Tag
Nessun Tag, puoi essere il primo ad aggiungerne!!

MARC

LEADER 00000naa$a2200000$$$4500
001 0004727
005 20231004075914.5
041 0 |a slo 
044 |a CZ 
245 1 0 |a Liberalizácia pohybu kapitálu v Slovenskej republike  |c Anežka Jankovská, Božena Chovancová 
520 |a Základné prístupy a úlohy OECD regulujúce pohyb kapitálu a finančných služieb. Úloha Banky pre medzinárodné zúčtovanie v liberalizačnom procese. Medzinárodný menový fond pri liberalizácii pohybov kapitálu. Úlohy WTO v procese liberalizácie kapitálu. Záväzky SR voči WTO v oblasti liberalizácie finančných služieb. Záväzky SR voči OECD v liberalizačnom procese. Súčasná úroveň konvertibility slovenskej koruny. Časový priebeh liberalizácie pohybu kapitálu a finančných služieb. 
610 2 0 |a pohyb kapitálu 
610 2 0 |a služby finančné 
610 2 0 |a liberalizácia 
610 2 0 |a Európska únia 
610 2 0 |a Medzinárodný menový fond 
610 2 0 |a smernice 
610 2 0 |a OECD 
610 2 0 |a Svetová obchodná organizácia 
610 2 0 |a Slovensko 
610 2 0 |a konvertibilita 
100 1 |a Jankovská, Anežka 
700 1 |a Chovancová, Božena